000 00477nam a2200169Ia 4500
005 20250508162731.0
008 008 250505s9999 xx 000 0 eng d
037 _aTextual
040 _aFEDL
_beng
_cFEDL
041 _aeng
_2eng
084 _a371.422, STU
_qFEDL
245 0 _aOpenings after school education
260 _aDelhi, India
_bSterling Publishers Private Limited
300 _a297p.
942 _cTEXL
_h371.422, STU
999 _c1378382
_d1378382